000 01408nam a22004457a 4500
005 20250908101358.0
008 180312b2018 xxu||||| |||| 00| 0 spa d
020 _a9786074486605
041 _aESP
082 _a616.890.75 M8748e
100 _aMorrison, James
_946091
100 _aFlegel, Kathryn
_946092
245 _aLa entrevista en niños y adolescentes: habilidades y estrategias para el diagnóstico eficaz del DSM-5
260 _aMéxico
260 _bManual Moderno
260 _c2018
300 _a500 páginas
490 _aTemática General
650 _aDIAGNÓSTICOS CLÍNICOS
650 _aPSIQUIATRÍA PEDIATRÍCA
650 _aPSICOLOGÍA
650 _aENTREVISTAS PEDIATRÍCAS
650 _aENFERMEDADES MENTALES
650 _aTRASTORNOS DEL NEURODESARROLLO
650 _aESQUIZOFRENIA
650 _aTRASTORNOS DEL ESTADO DE ÁNIMO
650 _aTRASTORNOS DE ANSIEDAD
650 _aTRASTORNOS OBSESIVO-COMPULSIVO
650 _aTRASTORNOS DISOCIATIVOS
650 _aTRASTORNOS DE SÍNTOMAS SOMÁTICOS
650 _aTRASTORNOS MENTALES
650 _aTRASTORNOS DE LA CONDUCTA ALIMENTARIA
650 _aTRASTORNOS DE LA EXCRECIÓN
650 _aTRASTORNOS DEL SUEÑO
650 _aDISFORIA DE GÉNERO
650 _aTRASTORNOS DE LA CONDUCTA
650 _aTRASTORNOS COGNITIVOS
650 _aTRASTORNOS DE LA PERSONALIDAD
942 _cBK
_2ddc
999 _c10428
_d10428